Czy wiesz o jakiej chorobie/ zaburzeniu mowa? - Statystyki

Ogólne statystyki
  • Ten quiz został rozwiązany 114 razy
  • Średni wynik to 7 z 15
Statystyki odpowiedzi
Opis Choroba % Poprawnych
To choroba metaboliczna charakteryzująca się nieprawidłowym poziomem glukozy we krwi. Może być spowodowana brakiem lub nieprawidłowym działaniem insuliny, hormonu regulującego poziom cukru. Cukrzyca
99%
Jest przewlekłym zaburzeniem odżywiania się, w przebiegu którego występują epizody nadmiernego objadania się, po którym następują zachowania mające na celu redukcję wagi. Zaliczyć do nich można prowokowanie wymiotów lub zmuszanie się do bardzo restrykcyjnej diety Bulimia
71%
Stan obejmujący smutek, utratę zainteresowania, energii oraz trudności w codziennym funkcjonowaniu. Osoby cierpiące na depresję często odczuwają beznadziejność i przygnębienie. Depresja
71%
Ciężkie zaburzenie psychiczne, które wpływa na myślenie, emocje i zachowanie. Objawy mogą obejmować halucynacje, urojenia i dezorganizację myśli. Schizofrenia
70%
Zaburzenie odżywiania charakteryzujące się skrajnie ograniczonym spożyciem pokarmu i niezdolnością do utrzymania zdrowej wagi ciała. Anoreksja
67%
Stan charakteryzujący się nadmiernym nagromadzeniem tkanki tłuszczowej w organizmie, co zwiększa ryzyko wielu chorób, takich jak cukrzyca typu 2, choroby serca i niektóre rodzaje raka. Otyłość
62%
Jest zaburzeniem rozwijającym się we wczesnym dzieciństwie i charakteryzuje się nadmierną ruchliwością, zaburzeniami koncentracji, uwagi oraz nadmierną impulsywnością. ADHD
58%
Choroba układu oddechowego, która powoduje skurcze oskrzeli i zapalenie błony śluzowej dróg oddechowych, co prowadzi do duszności i kaszlu. Astma
54%
Zaburzenie wynikające z przeżycia traumatycznych wydarzeń, które prowadzi do nawracających koszmarów, lęków i unikania bodźców związanych z traumą. Zespół stresu pourazowego
44%
Choroba autoimmunologiczna, w której spożywanie glutenu prowadzi do uszkodzenia jelit i zaburzeń wchłaniania składników odżywczych. Celiakia
34%
Choroba neurodegeneracyjna, która wpływa na układ nerwowy i powoduje zaburzenia ruchowe, takie jak drżenie, sztywność mięśni i trudności z koordynacją. Choroba Parkinsona
28%
To choroba neurodegeneracyjna, która prowadzi do stopniowej utraty funkcji poznawczych, pamięci i zdolności do wykonywania codziennych czynności. Choroba Alzheimera
20%
Zaburzenie charakteryzujące się natrętnymi myślami (obsesjami) i kompulsywnymi działaniami mającymi na celu złagodzenie lęku. Zaburzenie obsesyjno-kompulsyjne
19%
Choroba autoimmunologiczna, w której układ odpornościowy atakuje tarczycę, prowadząc do niedoczynności tarczycy. Może powodować zmęczenie, przyrost masy ciała i problemy z koncentracją. Choroba Hashimoto
13%
Choroba zapalna jelit, która może wpływać na dowolny fragment przewodu pokarmowego i powodować ból brzucha, biegunki i inne objawy pokarmowe. Choroba Crohna
10%
Nie znaleziono quizów pasujących do podanych kryteriów
Rozkład punktacji
Procent ludzi z każdym wynikiem
Percentyl według liczby udzielonych odpowiedzi
Twoja historia wyników
Nie rozwiązałeś tego quizu